• 首页
  • 本馆介绍
  • 公告通知
  • 最新文献
  • 馆藏检索
  • 电子资源
  • 读者导购
  • 参考咨询
  • 我的图书馆
  • 登录
  • 详细信息显示
  • 放入我的书架
  • 预约/预借图书
  • 作者相关作品
  • 分类相关作品
  • 丛书相关作品
  • 出版社相关作品

书目信息

  • 表格格式
  • 工作单格式
  • 卡片格式
题名:
儿童文学论文选
    
 
作者: ;长江文艺出版社编辑部 编
分册:  
出版信息: 武汉   长江文艺出版社  1956
页数: 112页
开本: 21cm
丛书名:
单 册:
中图分类: I058
科图分类:
主题词: 儿童文学-文学研究--中国--1949~1979--选集 , 文学研究-儿童文学--中国--1949~1979--选集 , 文学理论--各体 , 创作方法--各体
电子资源:
ISBN:
000 00867nam0 2200277 45
001 0181005787
005 20060606101629.64
010    @dCNY0.40
091    @a10107.24
100    @a19950410d1956 cemy0chiy0121 ea
101 0  @achi
102    @aCN@b420000
102    @aCN@b420000
105    @ay z 000yy
200 10 @a儿童文学论文选@Aer tong wen xue lun wen xuan@f长江文艺出版社编辑部编@Fchang jiang wen yi chu ban she bian ji bu bian
210    @a武汉@c长江文艺出版社@d1956
215    @a112页@d21cm
606    @a儿童文学-文学研究@y中国@z1949~1979@x选集
606    @a文学研究-儿童文学@y中国@z1949~1979@x选集
606 0  @a文学理论@x各体
606 0  @a创作方法@x各体
690    @aI058@v3
711  0 @a长江文艺出版社编辑部@Achang jiang wen yi chu ban she bian ji bu@4编
801  2 @aCN@bNLC@c20060606
801  0 @aCN@bTSSF
905    @a10447@dI058@e131
    
    儿童文学论文选/长江文艺出版社编辑部编.-武汉:长江文艺出版社,1956
    112页;21cm
    
    
    ISBN :CNY0.40
    
●
相关链接 在E读中查询图书 在五车中查询图书 在当当中查询图书 在豆瓣中查询图书


正题名:儿童文学论文选     索取号:I058/131         预约/预借

序号 登录号 条形码 馆藏地/架位号 状态 备注
1 0420375   204203753   密集书库/ [索取号:I058/131] 在馆    
唐山师范学院图书馆 欢迎您!
大连网信软件有限公司© 版权所有